ロード中...
Narratives and the Making of History: Two Lectures /
These essays explore some facets of the interface between narrative and history. The first explores the versions of the story of Sakuntala. The second juxtaposes the data on the raid of Mahmuud of Ghazni on the temple of Somanatha.
| 第一著者: | |
|---|---|
| フォーマット: | Printed Book |
| 言語: | English |
| 出版事項: |
New delhi:
Oxford,
c2006.
|
| 主題: |
| LEADER | 00896nam a22001937a 4500 | ||
|---|---|---|---|
| 008 | 180925b ||||| |||| 00| 0 eng d | ||
| 999 | |c 177607 |d 177607 | ||
| 020 | |a 9780195651775 | ||
| 082 | |a 900.080 THA/N | ||
| 100 | |a Thapar, Romila. | ||
| 245 | |a Narratives and the Making of History: |b Two Lectures / | ||
| 260 | |a New delhi: |b Oxford, |c c2006. | ||
| 300 | |a 53p.; | ||
| 520 | |a These essays explore some facets of the interface between narrative and history. The first explores the versions of the story of Sakuntala. The second juxtaposes the data on the raid of Mahmuud of Ghazni on the temple of Somanatha. | ||
| 650 | 0 | |a Narration | |
| 650 | 0 | |a Politics and government--Historiography | |
| 650 | 4 | |a Hinduism and politics | |
| 942 | |c BK | ||
| 952 | |0 0 |1 0 |4 0 |6 900_080000000000000_THA_N |7 0 |9 196863 |a WMS |b WMS |c ST1 |d 2012-08-03 |g 0.00 |i 508 |l 7 |m 2 |o 900.080 THA/N |p WMS508 |r 2021-07-01 |s 2021-04-08 |w 2012-08-03 |y BK | ||